000 00665nam a2200205Ia 4500
003 GCL
008 140319s9999 xx 000 0 ara d
040 _aGCL /
_cGCL
082 0 4 _a811.9
_bم خ
100 1 _aمدحت الجيار
245 1 0 _aالخيل والليل وزهور البنفسج(شعر) /
_cمدحت الجيار
700 1 _aمحمد هاشم زقالى
260 _a[S.N] :
_bالهيئة المصرية العامة للكتاب ،
_c1989
300 _a98 ص
490 _aاشراقات ادبية
_v0
650 0 4 _aالشعر العربى
650 0 4 _aالادب العربى
650 0 4 _aالعصر الحديث
942 _2ddc
_cBK
999 _c35034
_d35034